00343nam a2200121Ia 4500008004100000020001500041041001200056100001600068245007400084260004000158300000800198650001500206221030s9999 xx 000 0 und d a9350970805 aEnglish aN. S. Gupta 0aBusiness Policy & Strategic Management : Text & Casescby N. S. Gupta bHimalaya Pub HouseaNew Delhic2013 a551 aManagement